| 000 | 01117nam a2200325 i 4500 | ||
|---|---|---|---|
| 001 | 25448 | ||
| 003 | KOSZ 005 | ||
| 005 | 20191028082314.0 | ||
| 008 | 960606s1971 ru f |000 0 rusod | ||
| 040 |
_cKOSZ 005 _aKOSZ 005 _dKOSZ 005/HR |
||
| 041 | _apol | ||
| 046 | _k1971 | ||
| 080 | _a517 | ||
| 100 | 1 |
_aKrasnov, Mihail Leont'evič. _eAutor |
|
| 245 | 0 |
_aFunkcii kompleksnogo peremennogo, operacionnoe isčislenie, teoriâ ustrojčivosti / _cM.L.Krasnov, A.J. Kiselev, G.J. Makarenko. |
|
| 260 |
_aMoskva, _c1971. |
||
| 336 |
_2rdacontent _aTekst _btxt |
||
| 337 |
_2rdamedia _aBez urządzenia pośredniczącego _bn |
||
| 338 |
_2rdacarrier _aWolumin _bnc |
||
| 380 | _aKsiążki | ||
| 388 | _a1901-2000 | ||
| 650 | 4 | _aRachunek operatorowy | |
| 658 | _aMatematyka | ||
| 650 | 4 | _aFunkcje | |
| 650 | 4 | _aRachunek różniczkowy | |
| 700 | 1 |
_aKiselev, Aleksandr Ivanovič. _eAutor |
|
| 700 | 1 |
_aMakarenko, Grigorij Ivanovič. _eAutor |
|
| 856 |
_uhttp://koha.tu.koszalin.pl/cgi-bin/koha/opac-detail.pl?biblionumber=25448 _yKatalog online BPK |
||
| 942 |
_cKS _2UKD |
||
| 999 |
_c25448 _d25448 |
||